Hangsúly a szláv nyelvekben

Elmentve itt :
Bibliográfiai részletek
Szerző: Ásbóth Oszkár
Dokumentumtípus: Cikk
Megjelent: 1891
Sorozat:Kolligátum
Kulcsszavak:Szláv nyelvek - hangsúly
Online Access:http://misc.bibl.u-szeged.hu/25345
LEADER 00537nab a2200169 i 4500
001 misc25345
005 20191111110638.0
008 171117s1891 hu o 0|| zxx d
040 |a SZTE Miscellanea Repozitórium  |b hun 
041 |a zxx 
100 1 |a Ásbóth Oszkár 
245 1 0 |a Hangsúly a szláv nyelvekben  |h [elektronikus dokumentum] /  |c  Ásbóth Oszkár 
260 |c 1891 
300 |a 1-83 
490 0 |a Kolligátum 
695 |a Szláv nyelvek - hangsúly 
856 4 0 |u http://misc.bibl.u-szeged.hu/25345/1/016_015_001-083.pdf  |z Dokumentum-elérés